01575nam a2200217Ia 450000500170000000800410001704000700005804100080012808200150013610000320015124200630018324500530024626001270029930000310042650004780045750503380093550600210127354600230129465000180131765000220133520240422131315.0130821s1922 fr fr fre  aCo-BoUCMbfrecSandra Yazo (modificó)dSandra Yazo (modificó)0 afre04a844.522201 aBenoist, Charlesd1861-193604aMis claustros en medio de la tormentacCarlos Benoistyspa14aMes cloîtres dans la tempêtecMartial Lekeux aParís (Francia)bLibrairie Plon ; Les petis-fils de Plon et Nourrit [Librería Plon ; Nietos de Plon – Nourrit]c1922 a312 páginasc18 x 12 cm. aDetalles físicos: Sin encuadernación original, actualmente, encuadernación rígida (holandesa) en cartón forrado en papel; lomo de tela con letras y líneas decorativas en dorado. Guardas. Anteportada. Portada, impresa en una sola tinta; pequeño grabado con la marca tipográfica del editor. Texto impreso en una sola columna, con diferentes tipos y tamaños de letra. Notas de pie de página. Índice. Papel con oxidación en bordes. Anteportada manchada.0 aCómo tiré el hábito entre los matorrales ; Agonía de Lieja ; La vía dolorosa ; Florecillas ; La muerte de Erhardt, el espía ; Mi hermano ; Evasión ; Observadores ; Cómo me convertí en jefe de estación ; Historia de un paseo ; Por la Cruz ; Borrasca ; Un soldado ; La Paz de Cristo ; Pitoutchi ; La Tebaida ; Maggy aConsulta en sala aTexto en francés07aNovela belga 07aLiteratura belga